Core security elements of a new NATO strategic concept
Globálne trendy - demografické zmeny, klimatické zmeny. Vznikajúce výzvy - energetická bezpečnosť a nedostatok zdrojov; mimoštátni aktéri; šírenie chemických, biologických, rádiologických a nukleárnych technológií. Bezpečnostné výzvy a neistota v niektorých regiónoch sveta.
Enregistré dans:
| Auteur principal: | |
|---|---|
| Autres auteurs: | , |
| Format: | Chapitre de livre |
| Langue: | anglais |
| Sujets: | |
| Tags: |
Pas de tags, Soyez le premier à ajouter un tag!
|
MARC
| LEADER | 00000naa$a2200000$$$4500 | ||
|---|---|---|---|
| 001 | 0114897 | ||
| 005 | 20231107112533.1 | ||
| 041 | 0 | |a eng | |
| 044 | |a SK | ||
| 245 | 1 | 0 | |a Core security elements of a new NATO strategic concept |c Pavel Nečas, Miroslav Kelemen, Peter Spilý |
| 520 | |a Globálne trendy - demografické zmeny, klimatické zmeny. Vznikajúce výzvy - energetická bezpečnosť a nedostatok zdrojov; mimoštátni aktéri; šírenie chemických, biologických, rádiologických a nukleárnych technológií. Bezpečnostné výzvy a neistota v niektorých regiónoch sveta. | ||
| 610 | 2 | 0 | |a bezpečnosť |
| 610 | 2 | 0 | |a bezpečnosť medzinárodná |
| 610 | 2 | 0 | |a bezpečnosť energetická |
| 610 | 2 | 0 | |a bezpečnosť environmentálna |
| 610 | 2 | 0 | |a demografia |
| 610 | 2 | 0 | |a technológie nové |
| 610 | 2 | 0 | |a globalizácia |
| 610 | 2 | 0 | |a NATO |
| 100 | 1 | |a Nečas, Pavel | |
| 700 | 1 | |a Kelemen, Miroslav | |
| 700 | 1 | |a Spilý, Peter | |